| 000 | 03761cam a22012374i 4500 | ||
|---|---|---|---|
| 003 | PE-LiUPU | ||
| 005 | 20250813185557.0 | ||
| 008 | 150706s r 000 0 d | ||
| 020 | _a8476660952 | ||
| 035 | _a(Sirsi) i9788476660959 | ||
| 040 |
_aPE-LiUPU _bspa _cPE-LiUPU _erda |
||
| 049 | _aPRUA | ||
| 082 | 0 | 4 |
_a370.195 8 _bP _221 |
| 110 | 2 | _aOrganización de Estados Iberoamericanos para la Educación, la Ciencia y la Cultura | |
| 245 | 1 | 0 | _aPlanificación, financiación y evaluación de los sistemas educativos iberoamericanos. |
| 264 | 1 |
_aMadrid : _bOrganización de Estados Iberoamericanos para la Educación, la Ciencia y la Cultura, _c[1998] . |
|
| 300 |
_a110 páginas : _bilustraciones tablas ; _c24 centímetros |
||
| 336 |
_atext _2rdacontent |
||
| 337 |
_aunmediated _2rdamedia |
||
| 338 |
_avolume _2rdacarrier |
||
| 490 | 0 |
_aCuadernos de la OEI. Educación comparada ; _v1 |
|
| 504 | _aIncluye bibliografía. | ||
| 505 | 0 | _aFinanciación del sistema educativo -- Presentación del tema -- aproximación metodológica -- Planificación del sistema educativo -- Presentación del tema -- Aproximación metodológica -- Comparación de la planificación del sistema educativo entre los países iberoamericanos -- Investigación y evaluación de los sistemas educativos -- Presentación del tema. el rol de la investigación en la evaluación del sistema -- aspectos metodológicos -- Comparación de la investigación y educación de los sistemas educativos iberoamericanos. | |
| 526 | _aP202 | ||
| 526 | _aP201 | ||
| 526 | _aP163 | ||
| 526 | _aP162 | ||
| 526 | _aP161 | ||
| 526 | _aP160 | ||
| 526 | _aP148 | ||
| 526 | _aP147 | ||
| 526 | _aP146 | ||
| 526 | _aP145 | ||
| 526 | _aP144 | ||
| 526 | _aP143 | ||
| 526 | _aP142 | ||
| 526 | _aP141 | ||
| 526 | _aP140 | ||
| 526 | _aP139 | ||
| 526 | _aP138 | ||
| 526 | _aP137 | ||
| 526 | _aP136 | ||
| 526 | _aP135 | ||
| 526 | _aP134 | ||
| 526 | _aP133 | ||
| 526 | _aP129 | ||
| 526 | _aP128 | ||
| 526 | _aP127 | ||
| 526 | _aP120 | ||
| 526 | _aP119 | ||
| 526 | _aP118 | ||
| 526 | _aP116 | ||
| 526 | _aP115 | ||
| 526 | _aP114 | ||
| 526 | _aP110 | ||
| 526 | _aP109 | ||
| 526 | _aP108 | ||
| 526 | _aP104 | ||
| 526 | _aP103 | ||
| 526 | _aP102 | ||
| 526 | _aP99 | ||
| 526 | _aP98 | ||
| 526 | _aP97 | ||
| 526 | _aP96 | ||
| 526 | _aP95 | ||
| 526 | _aP93 | ||
| 526 | _aP90 | ||
| 526 | _aP89 | ||
| 526 | _aP88 | ||
| 526 | _aP83 | ||
| 526 | _aP82 | ||
| 526 | _aP62 | ||
| 526 | _aP59 | ||
| 526 | _aP58 | ||
| 526 | _aP57 | ||
| 526 | _aP51 | ||
| 526 | _aP49 | ||
| 526 | _aP48 | ||
| 526 | _aP47 | ||
| 526 | _aP29 | ||
| 526 | _aP24 | ||
| 526 | _aP20 | ||
| 526 | _aP19 | ||
| 526 | _aP17 | ||
| 526 | _aP15 | ||
| 526 | _aP14 | ||
| 526 | _aP12 | ||
| 526 | _aP10 | ||
| 526 | _aP09 | ||
| 526 | _aP08 | ||
| 526 | _aP07 | ||
| 526 | _aP06 | ||
| 526 | _aP05 | ||
| 526 | _aP04 | ||
| 526 | _aP01 | ||
| 541 | _g001-0031672; | ||
| 650 | 0 | 4 | _aEducación comparada. |
| 650 | 0 | 4 | _aPolítica educativa. |
| 651 | _aAmérica latina. | ||
| 910 |
_bjv _cjvm _d20100817 |
||
| 942 |
_2ddc _cBOOK |
||
| 949 |
_aPGE 370.195 8 P 1 _wDEWEY _c1 _i61997 _lCCODEBUL1 _mBUL _p43.00 _r0 _sY _tBOOK _u2015-7-6 _xEDUCACION _PP57 _0COMPRA _o.CIRCNOTE. No olvidar cambiar la fecha de devolución!!!!!!! _o.STAFF. Colección General |
||
| 994 |
_aC0 _bPEPRU |
||
| 596 | _a1 | ||
| 999 |
_aPGE 370.195 8 P 1 _wDEWEY _c51109 _i61997 _f2021-11-5 _g5 _lCCODEBUL1 _mBUL _p43.00 _r0 _sY _tBOOK _u2015-7-6 _xBIBLIOTECA _PP57 _0COMPRA _o.CIRCNOTE. No olvidar cambiar la fecha de devolución!!!!!!! _o.STAFF. Colección General _d51109 |
||
| 980 |
_81 _gALBERTO SANCHEZ Responsable de Automatización |
||